| 000 | 00986nam a2200205Ia 4500 | ||
|---|---|---|---|
| 003 | Ost | ||
| 005 | 20260507075636.0 | ||
| 008 | 260507s9999||||xx |||||||||||||| ||und|| | ||
| 040 | _cfsecg | ||
| 041 | _aara | ||
| 082 | _a341.44 | ||
| 100 |
_aالغنيمي، محمد طلعت _eمؤلف |
||
| 245 | 0 |
_aالقانون الدولي البحري في أبعاده الجديدة / _c محمد طلعت الغنيمي |
|
| 260 |
_aالإسكندرية: _bمنشأة المعارف, _c1998 |
||
| 300 |
_a354 صفحة؛ _bإيضاحات ؛ _c25 سم |
||
| 520 | _aالأحكام الدولية الخاصة بسطح البحر- في المياه الداخلية- في البحر الإقليمي- في البحر العالي والمفتوح- المنطقة الإقتصادية- في الأحكام الخاصة بقاع البحر- في حماية البيئة البحرية | ||
| 653 | _aالقانون البحري | ||
| 653 | _aالقانون الدولي | ||
| 942 | _cكتاب | ||
| 999 |
_c45306 _d45306 |
||